| 000 | 00759cam a2200217 a 4500 | ||
|---|---|---|---|
| 001 | 000018562 | ||
| 005 | 20200929165826.0 | ||
| 008 | 810401s1984 nq b 000 0 spa d | ||
| 040 |
_aDO-SdBNP _bspa _cLC _dBNPHU |
||
| 050 | 0 | 0 |
_aPQ7519.D3 _bA6 1980 |
| 082 |
_ann* _bnn* |
||
| 100 | 1 |
_aDario, Ruben, _d1867-1916. _915535 |
|
| 245 | 1 | 0 |
_aTextos socio-políticos / _cRuben Dario ; presentación Francisco Valle ; selección y notas Jorge Eduardo Arellano. |
| 260 |
_aManagua : _bBiblioteca Nacional, _c1984. |
||
| 300 |
_a77 p. ; _c20 cm. |
||
| 600 | 1 | 0 |
_aDario, Ruben, _d1867-1916 _xPolitical and social views. _940144 |
| 700 | 1 |
_aValle, Francisco. _940145 |
|
| 700 | 1 |
_aArellano, Jorge Eduardo. _933703 |
|
| 910 | _aCatalogación derivada / LC | ||
| 049 | _aBNGR | ||
| 999 |
_c18082 _d18082 |
||